书目信息 |
| 题名: |
盐城市交通运输年鉴
|
|
| 作者: | 姜海昆 主编 | |
| 分册: | 2011~2015 | |
| 出版信息: | 北京 方志出版社 2018 |
|
| 页数: | 22,594页 | |
| 开本: | 29cm | |
| 丛书名: | ||
| 单 册: | ||
| 中图分类: | F512.753.3 | |
| 科图分类: | ||
| 主题词: | 交通运输业--盐城--2011-2015--年鉴 | |
| 电子资源: | ||
| ISBN: | 978-7-5144-3261-9 | |
| 000 | 00900nam0 2200241 450 | |
| 001 | 202019135647 | |
| 005 | 20191007123108.0 | |
| 010 | @a978-7-5144-3261-9@b精装@dCNY350.00 | |
| 100 | @a20191004d2018 emky0chiy50 ea | |
| 101 | 0 | @achi |
| 102 | @aCN@b110000 | |
| 105 | @aa igz 000yd | |
| 106 | @ar | |
| 200 | 1 | @a盐城市交通运输年鉴@AYan Cheng Shi Jiao Tong Yun Shu Nian Jian@h2011~2015@f盐城市交通运输年鉴编纂委员会编 |
| 210 | @a北京@c方志出版社@d2018 | |
| 215 | @a22,594页@c彩图,彩照(58页)@d29cm | |
| 314 | @a主编:姜海昆 | |
| 330 | @a本书记录了盐城交通运输业“十二五”期间的发展和变化。内容设为九编:特载、大事记、交通机构(单位)、基础设施建设、交通运输、交通管理和执法、党群工作、人物·荣誉等。 | |
| 606 | 0 | @a交通运输业@y盐城@z2011-2015@j年鉴 |
| 690 | @aF512.753.3@v5 | |
| 701 | 0 | @a姜海昆@AJiang Hai Kun@4主编 |
| 801 | 0 | @aCN@c20190905 |
| 905 | @a河南城建学院图书馆@dF512.753.3@eJ513 | |
| 盐城市交通运输年鉴.2011~2015/盐城市交通运输年鉴编纂委员会编.-北京:方志出版社,2018 |
| 22,594页:彩图,彩照(58页);29cm |
| ISBN 978-7-5144-3261-9(精装):CNY350.00 |
| 本书记录了盐城交通运输业“十二五”期间的发展和变化。内容设为九编:特载、大事记、交通机构(单位)、基础设施建设、交通运输、交通管理和执法、党群工作、人物·荣誉等。 |
| ● |
| 相关链接 |
|
|
|
正题名:盐城市交通运输年鉴
索取号:F512.753.3/J513
 
预约/预借
| 序号 | 登录号 | 条形码 | 馆藏地/架位号 | 状态 | 备注 |
| 1 | 1444633 | 214446330 | 社科库409/409社科库 37排6列5层/ [索取号:F512.753.3/J513] | 在馆 |